| 000 | 00646nam a2200193 a 4500 | ||
|---|---|---|---|
| 001 | BRCA_2529 | ||
| 005 | 20190320203843.0 | ||
| 008 | 121112s2011----mx-a######---#000-0#spa-# | ||
| 020 | _a9786076050880 | ||
| 041 | _aspa | ||
| 044 | _amx | ||
| 050 | 4 |
_aNK4031 _b.B54 5 2011 |
|
| 245 | 1 | 0 | _a5 [i.e. Quinta] Bienal de Cerámica Utilitaria. |
| 260 |
_aMéxico _bINBA ; Museo Franz Mayer _c2011 |
||
| 300 |
_a63 p. _bil. a color _c22 cm. |
||
| 500 | _aCatálogo de la exposición realizada en el Museo Franz Mayer (Ciudad de México), 9 septiembre - 4 diciembre, 2011 | ||
| 650 | 1 | 4 |
_aCerámica mexicana _vExposiciones _ySiglo XXI _97264 |
| 942 |
_2lcc _cB |
||
| 999 |
_c2270 _d2270 |
||